[Event "AUTO-ADV-4871"]
[Site "http://www.queenalice.com/game.php?id=1858689"]
[Date "2025.6.12"]
[Round "1"]
[White "juim"]
[Black "Shizumaru_Hisame"]
[Result "1-0"]
[WhiteElo "1645"]
[BlackElo "1780"]

1. e4 d5 2. exd5 Qxd5 3. d3 Bd7 4. Be3 Bc6 5. Nc3 Qd7 6. Qd2 Qg4 7. f3 Qd7 8.
Nh3 e6 9. Be2 Na6 10. d4 Nb4 11. a3 Nd5 12. Nxd5 Qxd5 13. Qc3 O-O-O 14. Bc4 Qd7
15. Ng5 Nh6 16. O-O Bd6 17. b4 b6 18. f4 Nf5 19. a4 Nh4 20. Nf3 Nxf3+ 21. gxf3
Qe7 22. b5 Bb7 23. Kf2 h6 24. a5 Bb4 25. Qd3 Bxa5 26. f5 e5 27. c3 exd4 28. Bxd4
Rhg8 29. Rg1 g6 30. fxg6 Rxg6 31. Rge1 Qh4+ 32. Ke2 Qxh2+ 33. Kd1 Rg2 34. Kc1 c5
35. Qf5+ Rd7 36. Bxf7 Rg5 37. Qe6 cxd4 38. Qc4+ Rc7 39. Re8+ Kd7 40. Qe6# 1-0

[Event "AUTO-OPEN-4607"]
[Site "http://www.queenalice.com/game.php?id=1861055"]
[Date "2025.8.4"]
[Round "1"]
[White "Scharlatan"]
[Black "Shizumaru_Hisame"]
[Result "1-0"]
[WhiteElo "2089"]
[BlackElo "1770"]

1. e4 d5 2. exd5 Qxd5 3. Nc3 Qd8 4. d4 Bf5 5. Qf3 Qc8 6. Bc4 e6 7. Bf4 c6 8.
O-O-O e5 9. Bxe5 Bg4 10. Qxf7+ Kd8 11. Qxf8+ Kd7 12. Qxg7+ Ke8 13. Qxh8 Be6 14.
Bxe6 Qxe6 15. Nf3 Qg6 16. Rhe1 Kf8 17. Re4 Nd7 18. Rf4+ Ke8 19. Re1 Nb6 20. Bd6+
Kd7 21. Bc5 Nd5 22. Nxd5 cxd5 23. Ne5+ 1-0

[Event "AUTO-OPEN-4607"]
[Site "http://www.queenalice.com/game.php?id=1861056"]
[Date "2025.8.4"]
[Round "1"]
[White "Shizumaru_Hisame"]
[Black "Scharlatan"]
[Result "0-1"]
[WhiteElo "1773"]
[BlackElo "2086"]

1. e4 e5 2. d4 exd4 3. Qxd4 Nc6 4. Qd1 Nf6 5. Qf3 Bc5 6. Bg5 Ne5 7. Qc3 Bxf2+ 8.
Kxf2 Nxe4+ 9. Ke1 Qxg5 10. Qxc7 Ng4 11. Nh3 Qc1+ 12. Ke2 O-O 13. Qc4 Re8 14. Qb4
Nc3+ 15. Kf3 Qd1+ 16. Kg3 d6 17. bxc3 Re3+ 18. Kh4 Qe1+ 19. g3 Re6 20. Kg5 Rg6+
21. Kh5 Qe5+ 22. Kh4 Rh6# 0-1

[Event "AUTO-OPEN-4607"]
[Site "http://www.queenalice.com/game.php?id=1861077"]
[Date "2025.8.4"]
[Round "1"]
[White "Anusha"]
[Black "Shizumaru_Hisame"]
[Result "0-1"]
[WhiteElo "1576"]
[BlackElo "1765"]

1. c4 e5 2. g3 d5 3. cxd5 Qxd5 4. Nf3 e4 5. Nh4 e3 6. Bg2 exf2+ 7. Kxf2 Bc5+ 8.
e3 Qd8 9. Rf1 Nc6 10. Kg1 Qe7 11. Nc3 Be6 12. d4 Bd6 13. d5 Bxd5 14. Nxd5 Qd7
0-1

[Event "AUTO-OPEN-4607"]
[Site "http://www.queenalice.com/game.php?id=1861078"]
[Date "2025.8.4"]
[Round "1"]
[White "Shizumaru_Hisame"]
[Black "Anusha"]
[Result "0-1"]
[WhiteElo "1831"]
[BlackElo "1679"]

1. e4 e6 2. d4 d5 3. exd5 exd5 4. Nf3 Nc6 5. Bb5 Bd6 6. Bd2 Ne7 7. Bg5 f6 8. Bh4
Bg4 9. Qd3 Qd7 10. Nbd2 O-O-O 11. O-O g5 12. Bg3 h5 13. h3 Be6 14. c4 h4 15. Bh2
g4 16. hxg4 Bxg4 17. Nb3 Rdg8 18. cxd5 Nxd5 19. Nc5 Bxh2+ 20. Nxh2 Bh3 21. Rfe1
Qf5 22. Qxf5+ Bxf5 23. Bxc6 bxc6 24. Ne4 Bh3 25. g3 hxg3 26. fxg3 f5 27. Nc5
Rxg3+ 28. Kh1 Bg4 29. Rf1 Bf3+ 30. Rxf3 Rxf3 31. Kg2 Rf4 32. Nf3 Rg4+ 33. Kf2
Rhg8 34. Rh1 Rg2+ 35. Ke1 Rxb2 36. Rh7 Rxa2 37. Rf7 Rh8 38. Kf1 f4 39. Kg1 Rg8+
40. Kf1 a5 41. Ke1 a4 42. Kd1 Rh8 43. Rf5 Ne3+ 0-1

[Event "AUTO-OPEN-4607"]
[Site "http://www.queenalice.com/game.php?id=1861091"]
[Date "2025.8.4"]
[Round "1"]
[White "Shizumaru_Hisame"]
[Black "josebaron"]
[Result "0-1"]
[WhiteElo "1769"]
[BlackElo "2192"]

1. e4 e5 2. Bc4 Nf6 3. Qf3 Bc5 4. d3 Nc6 5. Ne2 d6 6. Bg5 Nd4 7. Nxd4 Bxd4 8. c3
Bb6 9. h3 Be6 10. Bxe6 fxe6 11. Nd2 O-O 12. Qg3 Qd7 13. f3 Nh5 14. Qh2 Nf4 15.
Bxf4 exf4 16. O-O-O Be3 17. Kb1 b5 18. Nf1 Bb6 19. g4 fxg3 20. Qxg3 e5 21. h4
Rf6 22. h5 h6 23. Rh4 Raf8 24. Nh2 b4 25. cxb4 Qa4 26. Rg1 Bxg1 27. Qxg1 Rf4 28.
Rh3 Qxb4 29. Rg3 R8f7 30. Ng4 Kh7 31. Nxh6 Kxh6 32. Rg6+ Kh7 33. h6 gxh6 34. Rg8
R4f6 35. Ra8 Rg7 36. Qxa7 Qe1+ 37. Kc2 Rxf3 38. Qb8 Rg2+ 39. Kb3 Rxd3+ 40. Kc4
Qxe4+ 41. Kb5 Rxb2+ 42. Ka5 Ra3# 0-1

[Event "AUTO-OPEN-4607"]
[Site "http://www.queenalice.com/game.php?id=1861092"]
[Date "2025.8.4"]
[Round "1"]
[White "josebaron"]
[Black "Shizumaru_Hisame"]
[Result "1-0"]
[WhiteElo "2186"]
[BlackElo "1767"]

1. e4 e5 2. Nf3 d6 3. d4 Bg4 4. dxe5 Bxf3 5. Qxf3 dxe5 6. Bc4 Qf6 7. Qb3 Nh6 8.
Bxh6 Qxh6 9. O-O Qb6 10. Bxf7+ Ke7 11. Qxb6 axb6 12. Bb3 Nc6 13. Nc3 Kd7 14.
Rad1+ Bd6 15. Nb5 Raf8 16. Bd5 Nb4 17. Bxb7 Nxc2 18. a3 h5 19. Rd2 Nd4 20. Nxd4
exd4 21. Rxd4 Ke6 22. b4 c5 23. bxc5 Bxc5 24. Bd5+ Ke5 25. Rd3 g5 26. h3 g4 27.
h4 Rhg8 28. Bxg8 Rxg8 29. Rd5+ Kxe4 30. Rxh5 g3 31. Rg5 Bxf2+ 32. Rxf2 gxf2+ 33.
Kxf2 Ra8 34. Rb5 Rxa3 35. Rxb6 Ra7 36. h5 Kf4 37. Rg6 Kf5 38. g4+ Kf4 39. h6
Ra2+ 40. Ke1 Ke3 41. Kd1 Kd3 42. Kc1 Kc3 43. Rc6+ Kd3 44. g5 Rh2 45. Rc7 Re2 46.
h7 Re8 47. g6 Rh8 48. g7 Rxh7 49. Rd7+ Ke4 50. g8=Q Rxd7 51. Qe6+ 1-0

[Event "AUTO-ADV-4897"]
[Site "http://www.queenalice.com/game.php?id=1863965"]
[Date "2025.10.8"]
[Round "1"]
[White "Capixabba789"]
[Black "Shizumaru_Hisame"]
[Result "1-0"]
[WhiteElo "1927"]
[BlackElo "1809"]

1. d4 Nf6 2. Nc3 e6 3. e4 Bb4 4. e5 Nd5 5. Bd2 Nxc3 6. bxc3 Ba5 7. Bd3 d6 8. Nf3
Bd7 9. O-O Bc6 10. a4 Qe7 11. Ng5 g6 12. f4 Nd7 13. c4 Bb6 14. c3 O-O-O 15. a5
Bc5 16. dxc5 dxe5 17. a6 b6 18. cxb6 cxb6 19. Be4 Bxe4 20. Nxe4 f5 21. Ng5 h6
22. Qf3 e4 23. Nxe4 fxe4 24. Qxe4 Nb8 25. Be3 g5 26. Bd4 Rh7 27. Bxb6 Rd7 28.
Bd4 Rc7 29. Qa8 Rxc4 30. Rab1 Qd6 31. Be5 Qxa6 32. Rxb8+ Kd7 33. Rb7+ Kc6 34.
Rxh7+ Kb6 35. Qb8+ Kc5 36. Bd4+ Kd5 37. Qe5+ Kc6 38. Rc7# 1-0

[Event "AUTO-ADV-4897"]
[Site "http://www.queenalice.com/game.php?id=1863966"]
[Date "2025.10.8"]
[Round "1"]
[White "Shizumaru_Hisame"]
[Black "Capixabba789"]
[Result "0-1"]
[WhiteElo "1798"]
[BlackElo "1961"]

1. e4 e5 2. d4 exd4 3. Qxd4 a6 4. Qd1 Bc5 5. Qh5 Bb6 6. Bc4 d5 7. Bxd5 g6 8. Qf3
Qe7 9. Bxf7+ Qxf7 10. Qxf7+ Kxf7 11. Ne2 Nf6 12. Nbc3 Re8 13. Ng3 Bd7 14. Bd2
Nc6 15. f3 Nd4 16. O-O-O c5 17. h4 h5 18. Rde1 Rac8 19. Bg5 Bc7 20. Nf1 b5 21.
Ne3 b4 22. Ncd5 Nxd5 23. Nxd5 Bb5 24. c3 Ne6 25. Bf6 Nf4 26. Nxc7 Rxc7 27. Kb1
Kxf6 28. g4 hxg4 29. fxg4 Bd3+ 30. Ka1 Rxe4 31. Rxe4 Bxe4 32. Rf1 Ke5 33. Rc1
bxc3 34. Rxc3 c4 35. a4 Bd3 36. Ka2 Ng2 37. h5 gxh5 38. gxh5 Rh7 39. Ka3 Rxh5
40. b4 Kd4 41. Rc1 Nf4 0-1

[Event "AUTO-ADV-4897"]
[Site "http://www.queenalice.com/game.php?id=1863981"]
[Date "2025.10.8"]
[Round "1"]
[White "mvson33"]
[Black "Shizumaru_Hisame"]
[Result "0-1"]
[WhiteElo "1806"]
[BlackElo "1798"]

1. c4 e5 2. Nc3 c6 3. d3 Bb4 4. Bd2 d5 5. cxd5 Bxc3 6. Bxc3 Qxd5 7. Nf3 f6 8. g3
Na6 9. Bg2 Qf7 10. O-O Be6 11. Rc1 Bxa2 12. Qc2 Bd5 13. d4 exd4 14. Bxd4 Nh6 15.
Bc3 O-O 16. Nd4 Ng4 17. Bxd5 Qxd5 18. Nf3 Nc5 19. Bb4 Nb3 20. Rcd1 Qf7 21. Bxf8
Rxf8 22. Rd3 Na5 23. Rfd1 b5 24. Rd7 Qh5 25. Rxa7 Nc4 26. b3 Nce3 27. fxe3 Nxe3
28. Qd2 Nxd1 29. Qxd1 Qc5+ 0-1

[Event "AUTO-ADV-4897"]
[Site "http://www.queenalice.com/game.php?id=1863982"]
[Date "2025.10.8"]
[Round "1"]
[White "Shizumaru_Hisame"]
[Black "mvson33"]
[Result "1-0"]
[WhiteElo "1814"]
[BlackElo "1832"]

1. e4 e5 2. d4 exd4 3. Qxd4 Nc6 4. Qd1 Be7 5. Bd2 d6 6. Bc3 Nf6 7. Nd2 O-O 8.
Bc4 Be6 9. Bxe6 fxe6 10. Qe2 e5 11. O-O-O Qd7 12. h3 Rf7 13. Rf1 Raf8 14. f4
exf4 15. Rxf4 Qe6 16. Kb1 Ne5 17. Ngf3 Nxf3 18. Qxf3 h6 19. Qe3 d5 20. e5 Ne4
21. Rxf7 Nxd2+ 22. Bxd2 Rxf7 23. Qxa7 Qf5 24. Qxb7 Qxe5 25. Bc3 Qf5 26. a3 Bd6
27. a4 Qd7 28. a5 c6 29. Qb3 Qb7 30. Qa4 Qa6 31. Re1 Kh7 32. Re6 Rd7 33. Qg4 Qb7
34. Qf5+ 1-0

[Event "AUTO-ADV-4901"]
[Site "http://www.queenalice.com/game.php?id=1864901"]
[Date "2025.10.29"]
[Round "1"]
[White "Castling"]
[Black "Shizumaru_Hisame"]
[Result "0-1"]
[WhiteElo "1817"]
[BlackElo "1865"]

1. e4 d5 2. e5 d4 3. Bb5+ Bd7 4. Bxd7+ Qxd7 5. Nf3 Nc6 6. O-O O-O-O 7. d3 f6 8.
exf6 exf6 9. a3 g5 10. Nbd2 g4 11. Ne1 h5 12. Ne4 f5 13. Bg5 Re8 14. Bf6 Rh6 15.
Bg5 Rg6 16. Bf4 h4 17. g3 hxg3 18. fxg3 fxe4 19. Kg2 e3 20. Qe2 Nf6 21. b4 Nh5
22. Kh1 Bd6 23. Bxd6 Qxd6 24. Ng2 Nxg3+ 25. hxg3 Qxg3 26. Rf4 Rh8+ 27. Nh4 Rxh4+
28. Qh2 Qxh2# 0-1

[Event "AUTO-ADV-4901"]
[Site "http://www.queenalice.com/game.php?id=1864902"]
[Date "2025.10.29"]
[Round "1"]
[White "Shizumaru_Hisame"]
[Black "Castling"]
[Result "1-0"]
[WhiteElo "1885"]
[BlackElo "1735"]

1. e4 e5 2. d4 exd4 3. Qxd4 Nc6 4. Qd1 Nf6 5. Bg5 Ne5 6. a3 h6 7. Bxf6 Qxf6 8.
Nc3 a6 9. Nd5 Qc6 10. Qd2 Bc5 11. h3 d6 12. Be2 Be6 13. Nf3 Nxf3+ 14. Bxf3 Bxd5
15. exd5 Qb5 16. O-O-O O-O-O 17. Be2 Qb6 18. Kb1 Bxa3 19. b3 Qxf2 20. Bg4+ f5
21. Qxf2 fxg4 22. Qf5+ Kb8 23. Qxg4 g5 24. b4 Rde8 25. Rd2 Re5 26. Ka2 Bxb4 27.
Qxb4 Rhe8 28. Rb1 b6 29. Qd4 R5e7 30. Qf6 Re2 31. Rxe2 Rxe2 32. Rb2 Rxg2 33. Qf1
1-0

[Event "AUTO-ADV-4901"]
[Site "http://www.queenalice.com/game.php?id=1864917"]
[Date "2025.10.29"]
[Round "1"]
[White "bdpq"]
[Black "Shizumaru_Hisame"]
[Result "0-1"]
[WhiteElo "1623"]
[BlackElo "1879"]

1. e4 d5 2. Bd3 Nf6 3. e5 Ne4 4. Nf3 Bd7 5. Kf1 e6 6. b3 Bc5 7. Bb2 Nxf2 8. Qe2
Nxh1 9. a3 Nf2 10. Bd4 Bxd4 11. Nxd4 Nxd3 12. Qxd3 Nc6 13. Nxc6 Bxc6 14. Nc3 Qh4
15. Kg1 Qg5 16. Qd4 O-O-O 17. Rf1 Rdf8 18. Ne2 f6 19. exf6 Kb8 20. Nf4 Rxf6 21.
c4 e5 22. Qa1 Rxf4 23. Rxf4 exf4 24. Qf1 dxc4 25. bxc4 f3 26. g3 Qc5+ 27. Qf2
Qxa3 28. Qe1 Re8 29. Qd1 Re2 30. Kf1 Rxh2 31. d3 Qb2 0-1

[Event "AUTO-ADV-4901"]
[Site "http://www.queenalice.com/game.php?id=1864918"]
[Date "2025.10.29"]
[Round "1"]
[White "Shizumaru_Hisame"]
[Black "bdpq"]
[Result "1-0"]
[WhiteElo "1895"]
[BlackElo "1615"]

1. e4 d5 2. Nc3 d4 3. Nd5 e6 4. Nf4 Bd6 5. Nfh3 e5 6. Bc4 Nf6 7. d3 Nc6 8. a3
O-O 9. Qf3 Bg4 10. Qg3 a6 11. f3 Bh5 12. Bh6 Bg6 13. Bd2 Be7 14. O-O-O b5 15.
Ba2 a5 16. Kb1 Nh5 17. Qf2 Bf6 18. g4 a4 19. gxh5 Bxh5 20. Ne2 Bh4 21. Qg2 Qf6
22. f4 exf4 23. Nhxf4 Bg6 24. Nd5 Qf2 25. Qxf2 Bxf2 26. Nxc7 Rac8 27. Nxb5 Bh5
28. Rdf1 Be3 29. Be1 Bxe2 30. Rf5 Bg4 31. Rc5 h6 32. Rc4 Na5 33. Rxa4 Bf3 34.
Rf1 Be2 35. Rxf7 Rxf7 36. Bxf7+ Kxf7 37. Nd6+ Kf8 38. Nxc8 Nc6 39. Ra8 Kg8 40.
Na7+ Kh7 41. Nxc6 Bg1 42. h4 Bh5 43. Rd8 Bh2 44. Nxd4 Bg3 45. Bxg3 Bg4 46. e5
1-0

[Event "AUTO-ADV-4901"]
[Site "http://www.queenalice.com/game.php?id=1864927"]
[Date "2025.10.29"]
[Round "1"]
[White "game"]
[Black "Shizumaru_Hisame"]
[Result "0-1"]
[WhiteElo "1441"]
[BlackElo "1839"]

1. e4 d5 2. e5 d4 3. d3 Bd7 4. Nf3 Bb5 5. Ng5 Nh6 6. Ne4 Nf5 7. Na3 Ba6 8. Qf3
Nh4 9. Qf4 e6 10. Ng5 Nf5 11. g4 h6 12. Ne4 Nh4 13. Rg1 Ng6 14. Qg3 Bb4+ 15. Bd2
Bxa3 16. bxa3 Nc6 17. Bf4 Qe7 18. O-O-O Qxa3+ 19. Kb1 Nb4 20. Bd2 Qxa2+ 21. Kc1
Qa1# 0-1

[Event "AUTO-ADV-4901"]
[Site "http://www.queenalice.com/game.php?id=1864928"]
[Date "2025.10.29"]
[Round "1"]
[White "Shizumaru_Hisame"]
[Black "game"]
[Result "1-0"]
[WhiteElo "1850"]
[BlackElo "1510"]

1. e4 d6 2. d4 e5 3. dxe5 dxe5 4. Qxd8+ Kxd8 5. Bc4 Be6 6. Bxe6 fxe6 7. Nf3 Nc6
8. O-O Nb4 9. Na3 Nf6 10. Ng5 Ke7 11. Re1 Ke8 12. Nxe6 Na6 13. Nb5 Kf7 14. Nexc7
Bb4 15. c3 Nxc7 16. Nxc7 Rad8 17. cxb4 Rd4 18. f3 Rxb4 19. b3 h5 20. Bb2 Kf8 21.
Bxe5 Kf7 22. Red1 g5 23. Bxf6 Kxf6 24. Nd5+ Ke5 25. Nxb4 Kf4 26. Kf2 h4 27. Rd5
Rc8 28. Nd3# 1-0

[Event "AUTO-OPEN-4623"]
[Site "http://www.queenalice.com/game.php?id=1865280"]
[Date "2025.11.8"]
[Round "1"]
[White "Capixabba789"]
[Black "Shizumaru_Hisame"]
[Result "0-1"]
[WhiteElo "1974"]
[BlackElo "1841"]

1. d4 b6 2. e4 Bb7 3. d5 c6 4. c4 Ba6 5. Nf3 cxd5 6. exd5 Qc7 7. Nc3 Bxc4 8. Bf4
Qxf4 9. Qa4 b5 10. Nxb5 Nf6 11. Qxc4 Qxc4 12. Bxc4 Na6 13. O-O e6 14. d6 Rc8 15.
b3 Ra8 16. Rad1 g6 17. Ne5 Bg7 18. f4 O-O 19. a4 Nc5 20. h3 Rfc8 21. g4 a6 22.
Nd4 Rab8 23. g5 Nfe4 24. h4 Nxd6 25. Ng4 Nxc4 26. bxc4 Nxa4 27. Rc1 Bxd4+ 28.
Kh1 Rb3 29. Kg2 Nc3 30. Rf3 Rxc4 0-1

[Event "AUTO-OPEN-4623"]
[Site "http://www.queenalice.com/game.php?id=1865281"]
[Date "2025.11.8"]
[Round "1"]
[White "Shizumaru_Hisame"]
[Black "Capixabba789"]
[Result "0-1"]
[WhiteElo "1862"]
[BlackElo "1953"]

1. e4 e5 2. Nf3 d6 3. d4 exd4 4. Nxd4 Nf6 5. Nc3 Be7 6. Bf4 c6 7. h3 a5 8. Bd3
Na6 9. a3 Bd7 10. g4 c5 11. Nf5 Bxf5 12. exf5 Nc7 13. Bc4 h6 14. h4 d5 15. Bd3
c4 16. Be2 O-O 17. g5 hxg5 18. hxg5 Ne4 19. Bxc7 Qxc7 20. Nxd5 Qc5 21. Nxe7+
Qxe7 22. f6 Qc5 23. Rh2 Nxg5 24. Bxc4 Qxc4 25. f4 Qxf4 26. Qh5 Nf3+ 27. Kf2
Nxh2+ 28. Kg2 Qg4+ 29. Qxg4 Nxg4 30. fxg7 Kxg7 31. Kf3 f5 32. Rg1 Rac8 33. c3
Rcd8 0-1

[Event "AUTO-OPEN-4623"]
[Site "http://www.queenalice.com/game.php?id=1865328"]
[Date "2025.11.8"]
[Round "1"]
[White "Shizumaru_Hisame"]
[Black "josebaron"]
[Result "0-1"]
[WhiteElo "1842"]
[BlackElo "2179"]

1. e4 e5 2. Nf3 Nc6 3. Bb5 d6 4. Bxc6+ bxc6 5. d4 exd4 6. Nxd4 Bb7 7. Bd2 Nf6 8.
Qe2 Be7 9. Nf5 O-O 10. Nxg7 Kxg7 11. Bc3 Rg8 12. f4 Kf8 13. Nd2 a5 14. O-O-O Qd7
15. h3 Qe6 16. Kb1 Nd5 17. f5 Nxc3+ 18. bxc3 Qe5 19. Kb2 Bf6 20. Nb1 Ba6 21. Qe3
Rb8+ 22. Ka1 Qb5 23. g4 Qb2# 0-1

[Event "AUTO-OPEN-4623"]
[Site "http://www.queenalice.com/game.php?id=1865329"]
[Date "2025.11.8"]
[Round "1"]
[White "josebaron"]
[Black "Shizumaru_Hisame"]
[Result "1/2-1/2"]
[WhiteElo "2172"]
[BlackElo "1852"]

1. e4 d5 2. exd5 Qxd5 3. d4 e5 4. Nc3 Bb4 5. a3 Bxc3+ 6. bxc3 Bd7 7. Nf3 exd4 8.
cxd4 f6 9. Be2 Ba4 10. Bb2 Nc6 11. O-O O-O-O 12. Re1 g5 13. Qd3 h5 14. Qc4 Qxc4
15. Bxc4 Bxc2 16. Be6+ Kb8 17. d5 Nce7 18. Nxg5 Bg6 19. Nf3 Nxd5 20. Bxd5 Rxd5
21. Rad1 Rxd1 22. Rxd1 Kc8 23. Ng5 b6 24. Ne6 Bf7 25. Rd8+ Kb7 26. Ng5 Bc4 27.
Bxf6 Rh6 28. Bd4 Rg6 29. h4 Ne7 30. f3 Rd6 31. Rxd6 cxd6 32. Ne4 Nf5 33. Bf2 Bd5
34. Nf6 Bf7 35. g4 Ng7 36. g5 Kc6 37. Kf1 Kb5 38. Ne4 1/2-1/2